教授別急! : 廖玉蕙幽默散文選
| 資料類型: | 圖書 | 書目號: | 51827 |
Leader xxxxxxxxxx 001 __ 102510/4/01 005 __ 20171120175637.502 010 0_ |a978-957-444-996-5|b平裝|d新臺幣320元 042 __ |anbic 100 __ |a20171120d2015 km y0chiy50 e 101 0_ |achi 102 __ |atw 105 __ |aa z 000cy 200 1_ |a教授別急!|e廖玉蕙幽默散文選|f廖玉蕙著|g蔡全茂圖 210 __ |a臺北市|c九歌|d2015[民104] 215 0_ |a285面|c圖|d21公分 225 12 |a廖玉蕙作品集|v15 681 __ |a855.48|b8534 700 _1 |a廖|b玉蕙|4著 702 _1 |a蔡|b全茂|4圖 801 _0 |atw|bLibDipper|c20171120|gCCR |